Score 0/18 Timer 02:00
0 Plays Today
Clue 4-Letter Word % Correct
Not foundLOST
99.3%
Place a speedy racer won't finish inLAST
98.3%
The majority ofMOST
96.7%
A fish or a low singing voiceBASS
94.6%
A model often strikes thisPOSE
94%
Lichen or model KateMOSS
93.4%
Force over accelerationMASS
91.2%
Prestigious audio equipment manufacturerBOSE
91%
The bottom of somethingBASE
89.8%
Clue 4-Letter Word % Correct
Fabric on a billiards tableFELT
83.8%
This word describes the speedy racerFAST
83%
A bump caused by a whipWELT
79.8%
Wither like a flowerWILT
79.1%
A carnival or partyFEST
76.8%
___ position, a racer's location at the startPOLE
76.3%
Trickery or deceitful cunningWILE
60.5%
____ Playing GameROLE
56.5%
To irritate or get one's goatRILE
52.8%

Today's Daily Dose

Remove Ads.
Support Sporcle.
Get the best of Sporcle when you Go Orange. This ad-free experience offers more features, more stats, and more fun while also helping to support Sporcle. Thank you for becoming a member.

You're not logged in!

Compare scores with friends on all Sporcle quizzes.
OR
Log In

Show Comments

Extras

Top Quizzes Today


Score Distribution

Your Account Isn't Verified!

In order to create a playlist on Sporcle, you need to verify the email address you used during registration. Go to your Sporcle Settings to finish the process.

Report this User

Report this user for behavior that violates our Community Guidelines.

Details: